Contabilidad: la base para las decisiones gerenciales (Registro nro. 7744)
[ vista simple ]
| 000 -CABECERA | |
|---|---|
| campo de control de longitud fija | 01159nam a22003857a 4500 |
| 005 - FECHA Y HORA DE ACTUALIZACIÓN | |
| campo de control | 20231113160239.0 |
| 008 - LONGITUD FIJA | |
| campo de control de longitud fija | 160301b xxu||||| |||| 00| 0 spa d |
| 020 ## - INTERNATIONAL STANDARD BOOK NUMBER | |
| Número Internacional Estándar del Libro | 9786071508072 |
| 041 ## - IDIOMA | |
| Código de idioma del texto/pista de sonido o título separado | |
| 082 ## - CLASIFICACIÓN DECIMAL DEWEY | |
| Número de clasificación | 657 M512c11 |
| 100 ## - AUTOR PERSONAL | |
| Nombre de persona | Meigs, Robert F. |
| 100 ## - AUTOR PERSONAL | |
| Nombre de persona | Williams, Jan R. |
| 100 ## - AUTOR PERSONAL | |
| Nombre de persona | Haka, Susan F. |
| 245 ## - TÍTULO PROPIAMENTE DICHO | |
| Título | Contabilidad: la base para las decisiones gerenciales |
| 250 ## - EDICIÓN | |
| Mención de edición | 11 edición |
| 260 ## - PIE DE IMPRENTA | |
| Lugar de publicación, distribución, etc. | México |
| Nombre del editor, distribuidor, etc. | McGraw Hill |
| Fecha de publicación, distribución, etc. | 2012 |
| 300 ## - DESCRIPCIÓN FÍSICA | |
| Extensión | 717 páginas |
| 650 ## - Materia General | |
| Materia general | CONTABILIDAD |
| 650 ## - Materia General | |
| Materia general | TOMA DE DECISIONES |
| 650 ## - Materia General | |
| Materia general | ESTADOS FINANCIEROS |
| 650 ## - Materia General | |
| Materia general | CICLO CONTABLE |
| 650 ## - Materia General | |
| Materia general | INFORME ANUAL |
| 650 ## - Materia General | |
| Materia general | ACTIVIDADES COMERCIALES |
| 650 ## - Materia General | |
| Materia general | SISTEMAS DE INVENTARIO |
| 650 ## - Materia General | |
| Materia general | ORGANIZACIÓN EMPRESARIAL |
| 650 ## - Materia General | |
| Materia general | SOCIEDADES |
| 650 ## - Materia General | |
| Materia general | CORPORACIONES |
| 650 ## - Materia General | |
| Materia general | ACTIVOS FINANCIEROS |
| 650 ## - Materia General | |
| Materia general | INVENTARIO ACTIVOS FIJOS |
| 650 #0 - Materia General | |
| Materia general | DEPRECIACIÓN |
| 650 ## - Materia General | |
| Materia general | PASIVOS |
| 650 ## - Materia General | |
| Materia general | FLUJOS DE EFECTIVO |
| 650 ## - Materia General | |
| Materia general | CONTABILIDAD GLOBAL |
| 942 ## - Punto de Acceso Adicional Koha | |
| Tipo de ítem Koha | Libro |
| Estado perdido | Estado dañado | No para préstamo | Biblioteca permanente | Biblioteca actual | Signatura completa | Código de barras | Precio efectivo a partir del | Tipo de ítem |
|---|---|---|---|---|---|---|---|---|
| Departamento de Biblioteca y Documentación Alfonso Chase Brenes | Departamento de Biblioteca y Documentación Alfonso Chase Brenes | 657 M512c11 | 20659 | 01/03/2016 | Libro | |||
| Departamento de Biblioteca y Documentación Alfonso Chase Brenes | Departamento de Biblioteca y Documentación Alfonso Chase Brenes | 657 M512c11 | 20660 | 01/03/2016 | Libro |